| 000 | 00346nam a2200133Ia 4500 | ||
|---|---|---|---|
| 008 | 240624s9999 xx 000 0 und d | ||
| 041 | _aeng | ||
| 082 | _a658.403 LAN | ||
| 100 | _aLANNOM JACK | ||
| 245 | _aPEOPLE FIRST EFFECT 7 KEYS FOR MASTERING | ||
| 260 |
_c2017 _aNew York _bsavio repvblic |
||
| 300 | _axvi, 239 p.; 23 cm. | ||
| 365 |
_c _b33 |
||
| 999 |
_c32366 _d32366 |
||